Piazzamenti del Portogallo agli Europei - Statistics

Statistiche generali
  • Questo quiz è stato fatto 4 volte
  • Il punteggio medio è 3 su 9
Statistiche sulle risposte
Hint Risposta % Corretto
2016 Vincitore
100%
2004 Secondo posto
67%
2020 Ottavi di finale
33%
2024 Ottavi di finale
33%
2008 Quarti di finale
33%
1984 Semifinale
33%
2012 Semifinale
33%
1996 Quarti di finale
0%
2000 Semifinale
0%
Nessun quiz corrispondente trovato
Distribuzione punteggi
Percentuale di utenti per punteggio
Percentile per numero di risposta
I tuoi punteggi nel tempo
Non hai fatto questo quiz